Načítá se...

Kodumkattadicha naalukal

Podrobná bibliografie
Hlavní autor: Yashpal
Vydáno: NBS
LEADER 00178 a2200097 4500
020
260 |b NBS 
942 |c BK  |6 _ 
245 |a Kodumkattadicha naalukal  
100 |a Yashpal 
999 |c 62149  |d 62149